| 000 | 01093nam a2200313 i 4500 | ||
|---|---|---|---|
| 001 | 47905 | ||
| 003 | ES-MaACL | ||
| 005 | 20251004063106.0 | ||
| 007 | t| | ||
| 008 | 030625s2001 sp ||||0| spa j | ||
| 020 | _a84-8307-372-2 | ||
| 040 |
_aM-BN _bspa _cM-BN |
||
| 080 | _a330.342.14(100) | ||
| 080 | _a338.1(100-773) | ||
| 100 | 1 |
_aSoto, Hernando de, _d1941- _9152419 |
|
| 245 | 1 | 3 |
_aEl misterio del capital _b: por qué el capitalismo triunfa en Occidente y fracasa en el resto del mundo / _cHernando de Soto ; traducción de Mirko Lauer y Jessica McLauchlan. |
| 250 | _a1ª ed. | ||
| 260 |
_aBarcelona : _bPenínsula, _c2001. |
||
| 300 |
_a269 p : _bil ; _c23 cm. |
||
| 490 | 1 |
_aAtalaya (Ediciones Península) ; _v74 |
|
| 650 | 1 | 4 |
_aCapitalismo. _910760 |
| 650 | 4 |
_aDesarrollo económico- _zPaíses en desarrollo. _9161758 |
|
| 700 | 1 |
_aLauer, Mirko. _970589 |
|
| 700 | 1 |
_aMcLauchlan, Jessica. _979599 |
|
| 830 | 0 |
_aAtalaya (Ediciones Península) ; _v74 _9119064 |
|
| 852 |
_aES-MaACL _jL-26442 _bR.131218 |
||
| 999 |
_c47905 _d47905 |
||